FINANCIAL ACCOUNTING (Record no. 216016)

MARC details
000 -LEADER
fixed length control field 00375nam a22001337a 4500
008 - FIXED-LENGTH DATA ELEMENTS--GENERAL INFORMATION
fixed length control field 250811b |||||||| |||| 00| 0 eng d
050 ## - LIBRARY OF CONGRESS CALL NUMBER
Classification number HF 5635.F56 2004
Item number C. 1
100 ## - MAIN ENTRY--PERSONAL NAME
Personal name NEEDLES, BELVERD
245 ## - TITLE STATEMENT
Title FINANCIAL ACCOUNTING
Remainder of title STUDENT CD - WINDOWS
260 ## - PUBLICATION, DISTRIBUTION, ETC.
Place of publication, distribution, etc. BOSTON
Name of publisher, distributor, etc. HOUGHTON MIFFLIN COLLEGE
Date of publication, distribution, etc. 2004
300 ## - PHYSICAL DESCRIPTION
Extent IV, 64P.
942 ## - ADDED ENTRY ELEMENTS (KOHA)
Source of classification or shelving scheme Library of Congress Classification
Koha item type Long Loan Book
Holdings
Withdrawn status Lost status Source of classification or shelving scheme Damaged status Not for loan Collection Home library Current library Shelving location Date acquired Inventory number Total checkouts Full call number Barcode Date last seen Copy number Price effective from Koha item type
    Library of Congress Classification     Business & Economics Kisii University Library Kisii University Library On Display 08/11/2025 84611   HF 5635 .F56 2004 000000022532 08/11/2025 C.1 08/11/2025 Long Loan Book